000 01010nam a2200205Ia 4500
003 Ost
005 20260507075739.0
008 260507s9999||||xx |||||||||||||| ||und||
040 _cfsecg
041 _aara
082 _a306.3
100 _aعبد الرحمان، عبد الله محمد
_eمؤلف
245 0 _aعلم الاجتماع الاقتصادي /
_c عبد الله محمد عبد الرحمان
260 _aالاسكندرية:
_bدار المعرفة الجامعية,
_c2003
300 _a509 صفحة؛
_bإيضاحات ؛
_c24 سم
504 _aالهوامش والمراجع ص.507
520 _aنشأة علم الاجتماع الاقتصادي والاسهامات السوسيولوجية التقليدية،الاسهامات السوسيولوجية وتطور علم الاجتماع الاقتصادي،أهم المجالات الحديثة في علم الاجتماع الاقتصادي
653 _aالاجتماع الاقتصادي،علم
942 _cكتاب
999 _c46125
_d46125